Asamiya sahityar buranji (Record no. 3566)

MARC details
000 -LEADER
fixed length control field 00517cam a2200193ua 4500
001 - CONTROL NUMBER
control field 3742
005 - DATE AND TIME OF LATEST TRANSACTION
control field 20260515113725.0
008 - FIXED-LENGTH DATA ELEMENTS--GENERAL INFORMATION
fixed length control field 150310n ii |||gr||||Z||||||asm
040 ## - CATALOGING SOURCE
Transcribing agency MAIN
041 ## - LANGUAGE CODE
Language code of text/sound track or separate title asm
082 ## - DEWEY DECIMAL CLASSIFICATION NUMBER
Classification number 891.4514
100 ## - MAIN ENTRY--PERSONAL NAME
Personal name Borgohain, Homen,
Relator term Editor.
245 ## - TITLE STATEMENT
Title Asamiya sahityar buranji
Statement of responsibility, etc. ed. by Homen Borgohain
250 ## - EDITION STATEMENT
Edition statement 1st. /
Remainder of edition statement V 6.
260 ## - PUBLICATION, DISTRIBUTION, ETC.
Place of publication, distribution, etc. Guwahati:
Name of publisher, distributor, etc. Anundoram borooah institute of language,993.
300 ## - PHYSICAL DESCRIPTION
Extent 701p:
Dimensions 23cm.
653 ## - INDEX TERM--UNCONTROLLED
Uncontrolled term Asamiya sahityar buranji
942 ## - ADDED ENTRY ELEMENTS (KOHA)
Koha item type Books
Holdings
Withdrawn status Lost status Damaged status Not for loan Home library Current library Date acquired Total checkouts Full call number Barcode Date last seen Date last checked out Copy number Price effective from Koha item type
        Naharkatiya College Library Naharkatiya College Library 09/19/2020 1 891.4514 | ASA 8299 06/24/2023 06/19/2023 1 09/19/2020 Books